Journal of Polymer Science: Macro-molecular review (Record no. 9819)
[ view plain ]
| 000 -LEADER | |
|---|---|
| fixed length control field | 00575cam a2200157 4500 |
| 008 - FIXED-LENGTH DATA ELEMENTS--GENERAL INFORMATION | |
| fixed length control field | 150903n 000 0 eng u |
| 022 ## - INTERNATIONAL STANDARD SERIAL NUMBER | |
| International Standard Serial Number | 1543-0480 |
| 035 ## - SYSTEM CONTROL NUMBER | |
| System control number | (Sirsi) a192033 |
| 050 ## - LIBRARY OF CONGRESS CALL NUMBER | |
| Classification number | QD471.M3 |
| 245 ## - TITLE STATEMENT | |
| Title | Journal of Polymer Science: Macro-molecular review |
| 260 ## - PUBLICATION, DISTRIBUTION, ETC. | |
| Place of publication, distribution, etc. | New York |
| Name of publisher, distributor, etc. | Interscience Publishers |
| Date of publication, distribution, etc. | 1974. |
| 310 ## - CURRENT PUBLICATION FREQUENCY | |
| Current publication frequency | Irregular |
| 362 ## - DATES OF PUBLICATION AND/OR SEQUENTIAL DESIGNATION | |
| Dates of publication and/or sequential designation | Vol.3, 1968 - Vol.9, 1974. |
| 520 ## - SUMMARY, ETC. | |
| Summary, etc. | Study of the confermation behaviour of polypeptides as intrinsic interest as a complex and challenging theoretical and experimental problem |
| 650 ## - SUBJECT ADDED ENTRY--TOPICAL TERM | |
| Topical term or geographic name entry element | Polymer Science |
| Withdrawn status | Lost status | Source of classification or shelving scheme | Damaged status | Not for loan | Home library | Current library | Shelving location | Total Checkouts | Full call number | Barcode | Date last seen | Copy number | Price effective from | Koha item type |
|---|---|---|---|---|---|---|---|---|---|---|---|---|---|---|
| Library of Congress Classification | Main Library | Main Library | Serials | QD471.M3 | 048031968 | 08/12/2019 | 1 | 08/12/2019 | Periodical | |||||
| Library of Congress Classification | Main Library | Main Library | Serials | QD471.M3 | 048091974 | 08/12/2019 | 2 | 08/12/2019 | Periodical |